| 000 | 00775nam a2200193Ia 4500 | ||
|---|---|---|---|
| 001 | 390 | ||
| 003 | GE_BSU | ||
| 008 | 181216s||||||||xx |||||||||||||| ||und|| | ||
| 040 | _cGE_BSU | ||
| 080 | _a58(038) | ||
| 245 | _aგერმანულ–ქართული,ქართულ–გერმანული ბოტანიკური ლექსიკონი | ||
| 245 | _cშემდგ. არქიმანდრიტი ლაზარე(გაგნიძე) | ||
| 260 | _aთბილისი | ||
| 260 | _c2008 | ||
| 300 | _a153გვ. | ||
| 541 | _h5ლ. | ||
| 653 | _aგერმანულ–ქართული,ქართულ–გერმანული ბოტანიკური ლექსიკონი | ||
| 942 | _cBK | ||
| 999 |
_c34625 _d34625 |
||